Effects of sustainable business to performance of enterprise

Vplyv trvaloudržateľného podnikania na podnik - ako vplýva trvalá udržateľnosť na finančnú, ekonomickú a ďalšie dôležité stránky podnikateľstva. Ako vplýva sociálne zodpovedné správanie podnikov na ich výkonnosť.

Salvato in:
Dettagli Bibliografici
Autore principale: Budinská, Lucia, 1990-
Natura: Capitolo di libro
Lingua:inglese
Soggetti:
Tags: Aggiungi Tag
Nessun Tag, puoi essere il primo ad aggiungerne!!

MARC

LEADER 00000naa a2200000 4500
001 0208898
005 20240502073454.0
041 0 |a eng 
044 |a SK 
245 1 0 |a Effects of sustainable business to performance of enterprise  |c Lucia Budinská 
520 |a Vplyv trvaloudržateľného podnikania na podnik - ako vplýva trvalá udržateľnosť na finančnú, ekonomickú a ďalšie dôležité stránky podnikateľstva. Ako vplýva sociálne zodpovedné správanie podnikov na ich výkonnosť. 
610 2 0 |a podnikanie 
610 2 0 |a podnikanie zodpovedné 
610 2 0 |a zodpovednosť spoločenská 
610 2 0 |a podnik 
610 2 0 |a výkonnosť podniku 
100 1 |a Budinská, Lucia, 1990-